Statistics for List of cities in the New York metropolitan area

Click here to take the quiz!

General Stats

  • This quiz has been taken 39 times
  • The average score is 12 of 40

Answer Stats

PopulationAnswer% Correct
8,175,133New York City
97%
247,597Jersey City
88%
277,140Newark
88%
195,976Yonkers
81%
85,603Stamford
59%
128,640Elizabeth
56%
109,272New Haven
53%
67,292New Rochelle
53%
759,757Hempstead
50%
146,199Paterson
50%
122,643Bridgeport
47%
35,790Trenton
47%
72,500White Plains
47%
28,866Poughkeepsie
44%
56,853Mount Vernon
31%
51,271Waterbury
31%
80,893Norwalk
25%
51,384Danbury
22%
99,967Edison
22%
23,893Middletown
22%
335,543Islip
19%
54,717Union
19%
77,062Woodbridge Township
19%
213,603Babylon
16%
36,383Kingston
16%
28,086Newburgh
16%
56,642Passaic
16%
486,040Brookhaven
13%
226,322North Hempstead
13%
74,982Allentown
9%
203,264Huntington
9%
293,214Oyster Bay
9%
126,595Ramapo
9%
118,032Milford
6%
117,801Smithtown
6%
32,736Easton
3%
84,913Wayne
3%
26,800Bethlemen
0%
144,229Ewing
0%
129,779Stratford
0%

Score Distribution

Percentile by Number Answered

Percent of People with Each Score

Your Score History

You have not taken this quiz